Valoración de la discapacidad en la enfermedad de Parkinson

Uloženo v:
Podrobná bibliografie
Médium: Kniha
Jazyk:španělština
Vydáno: Madrid Real Patronato sobre Discapacidad 2002
Vydání:1a. ed
Témata:
Tagy: Přidat tag
Žádné tagy, Buďte první, kdo vytvoří štítek k tomuto záznamu!

MARC

LEADER 00000nam a2200000 a 4500
001 UCK1189
003 CL-VaPUC
008 041105e20020000SP |||||||||||||||||spa|d
082 0 4 |a 616.833  |b VAL  |2 21 
245 1 0 |a Valoración de la discapacidad en la enfermedad de Parkinson 
250 |a 1a. ed 
300 |a 48 p 
942 |c BK 
945 |d 20041105 00:00:00  |a cmena 
260 |a Madrid  |b Real Patronato sobre Discapacidad  |c 2002 
650 7 |a ENFERMEDAD DE PARKINSON  |2 CL-VaPUC  |9 489045 
650 7 |a ENFERMEDADES DEL SISTEMA NERVIOSO  |2 CL-VaPUC  |9 269801 
650 0 |a Sistema nervioso  |9 266815 
583 |a last modification  |c 20041105 00:00:00  |k Rodrigo Vera 
999 |c 311273  |d 311271 
952 |0 0  |1 0  |4 0  |6 616_833000000000000_VAL_2002  |7 0  |8 A  |9 380616  |a BIBEDU  |b BIBEDU  |d 2019-11-21  |i 4076540  |o 616.833 VAL 2002  |p 4076540  |r 2019-11-21  |w 2019-11-21  |y BK  |k EDI